Billboard #1 Hits of 1988 - Statistics

General Stats
  • This quiz has been taken 50 times
  • The average score is 19 of 32
Answer Stats
Hint Extra Hint Explanation Answer % Correct
Never Gonna Give You Up 12 March (2 wks.) Listen on YouTube Rick Astley
100%
Sweet Child o' Mine 10 September (2 wks.) Listen on YouTube Guns N' Roses
98%
Man in the Mirror 26 March (2 wks.) Listen on YouTube Michael Jackson
93%
Red Red Wine 15 October (1 wk.) Listen on YouTube UB40
90%
Don't Worry, Be Happy 24 September (2 wks.) Listen on YouTube Bobby McFerrin
88%
Got My Mind Set on You 16 January (1 wk.) Listen on YouTube George Harrison
88%
Kokomo 5 November (1 wk.) Listen on YouTube The Beach Boys
81%
Dirty Diana 2 July (1 wk.) Listen on YouTube Michael Jackson
79%
Get Outta My Dreams, Get into My Car 9 April (2 wks.) Listen on YouTube Billy Ocean
74%
Father Figure 27 February (2 wks.) Listen on YouTube George Michael
69%
Need You Tonight 30 January (1 wk.) Listen on YouTube INXS
69%
A Groovy Kind of Love 22 October (2 wks.) Listen on YouTube Phil Collins
69%
Bad Medicine 19 November (2 wks.) Listen on YouTube Bon Jovi
64%
The Way You Make Me Feel 23 January (1 wk.) Listen on YouTube Michael Jackson
64%
Every Rose Has Its Thorn 24 December (3 wks.) Listen on YouTube Poison
64%
Wishing Well 7 May (1 wk.) Listen on YouTube Terence Trent D'Arby
57%
Love Bites 8 October (1 wk.) Listen on YouTube Def Leppard
55%
Together Forever 18 June (1 wk.) Listen on YouTube Rick Astley
55%
So Emotional 9 January (1 wk.) Listen on YouTube Whitney Houston
52%
Baby, I Love Your Way/Freebird Medley 3 December (1 wk.) Listen on YouTube Will to Power
48%
Roll With It 30 July (4 wks.) Listen on YouTube Steve Winwood
43%
The Flame 9 July (2 wks.) Listen on YouTube Cheap Trick
40%
Hold On to the Nights 23 July (1 wk.) Listen on YouTube Richard Marx
40%
Look Away 10 December (2 wks.) Listen on YouTube Chicago
38%
Wild, Wild West 12 November (1 wk.) Listen on YouTube The Escape Club
38%
Where Do Broken Hearts Go 23 April (2 wks.) Listen on YouTube Whitney Houston
38%
Monkey 27 August (2 wks.) Listen on YouTube George Michael
33%
Anything for You 14 May (2 wks.) Listen on YouTube Gloria Estefan and Miami Sound Machine
31%
Foolish Beat 25 June (1 wk.) Listen on YouTube Debbie Gibson
29%
One More Try 28 May (3 wks.) Listen on YouTube George Michael
26%
Could've Been 6 February (2 wks.) Listen on YouTube Tiffany
26%
Seasons Change 20 February (1 wk.) Listen on YouTube Exposé
24%
No matching quizzes found
Score Distribution
Percent of People with Each Score
Percentile by Number Answered
Your Score History
You have not taken this quiz